000 00668cam a2200217 4500500
005 20260405001604.0
041 _afre
042 _adc
100 1 0 _aLegros, Martin
_eauthor
245 0 0 _aPeut-on s’engager quand on aime l’instant présent plus que tout ?
260 _c2013.
500 _a92
690 _aCharles Pépin
690 _aDémocratie
690 _aEngagement
690 _aMicro-trottoir
690 _aPolitique
690 _aPrésent
786 0 _nPhilosophie magazine | 74 | 11 | 2013-11-01 | p. 11-11 | 1951-1787
856 4 1 _uhttps://shs.cairn.info/magazine-philosophie-magazine-2013-11-page-11?lang=fr&redirect-ssocas=7080
999 _c2049042
_d2049042